|
|
|
|
| LEADER |
02615nam a22004093i 4500 |
| 001 |
EBC6533759 |
| 003 |
MiAaPQ |
| 005 |
20231204023216.0 |
| 006 |
m o d | |
| 007 |
cr cnu|||||||| |
| 008 |
231204s1975 xx o ||||0 eng d |
| 020 |
|
|
|a 9780472901883
|q (electronic bk.)
|
| 020 |
|
|
|z 9780892640232
|
| 035 |
|
|
|a (MiAaPQ)EBC6533759
|
| 035 |
|
|
|a (Au-PeEL)EBL6533759
|
| 035 |
|
|
|a (OCoLC)1291315125
|
| 040 |
|
|
|a MiAaPQ
|b eng
|e rda
|e pn
|c MiAaPQ
|d MiAaPQ
|
| 050 |
|
4 |
|a DS775
|
| 082 |
0 |
|
|a 951.042
|
| 100 |
1 |
|
|a Thomas, S. Bernard.
|
| 245 |
1 |
0 |
|a Proletarian Hegemony in the Chinese Revolution and the Canton Commune Of 1927.
|
| 250 |
|
|
|a 1st ed.
|
| 264 |
|
1 |
|a Ann Arbor :
|b Center for Chinese Studies Publications,
|c 1975.
|
| 264 |
|
4 |
|c Ã1975.
|
| 300 |
|
|
|a 1 online resource (205 pages)
|
| 336 |
|
|
|a text
|b txt
|2 rdacontent
|
| 337 |
|
|
|a computer
|b c
|2 rdamedia
|
| 338 |
|
|
|a online resource
|b cr
|2 rdacarrier
|
| 490 |
1 |
|
|a Michigan Monographs in Chinese Studies ;
|v v.23
|
| 505 |
0 |
|
|a Cover -- Title -- Copyright -- Contents -- Acknowledgments -- List of Abbreviations -- Introduction -- I. Ideological and Political Background to the Uprising -- II. The Rise and Fall of the Canton Soviet -- Preparations for the Uprising -- The Course of the Struggle -- III. CI-CCP Evaluations of Canton, 1928-1931 -- IV. Proletarian Hegemony and the Kiangsi Soviet -- V. The Maoist Version of Proletarian Hegemony: The Anti-Japanese and Civil War Years, 1936-1948 -- The Continuing Influence of the Proletarian International Line,1937-1940 -- The Maoist Redefinition and Eeassertion of Proletarian Hegemony -- Class Strategies in the Civil War, 1946-1948 -- VI. Maoist Ideological, Class, and Developmental Patterns In Postliberation China and the New Symbolism of Canton -- The Urban Multiclass and Rural Populist Bases of MaoistSocialist Construction -- Postliberation Assessments of Canton -- Conclusion.
|
| 588 |
|
|
|a Description based on publisher supplied metadata and other sources.
|
| 590 |
|
|
|a Electronic reproduction. Ann Arbor, Michigan : ProQuest Ebook Central, 2023. Available via World Wide Web. Access may be limited to ProQuest Ebook Central affiliated libraries.
|
| 655 |
|
4 |
|a Electronic books.
|
| 776 |
0 |
8 |
|i Print version:
|a Thomas, S. Bernard
|t Proletarian Hegemony in the Chinese Revolution and the Canton Commune Of 1927
|d Ann Arbor : Center for Chinese Studies Publications,c1975
|z 9780892640232
|
| 797 |
2 |
|
|a ProQuest (Firm)
|
| 830 |
|
0 |
|a Michigan Monographs in Chinese Studies
|
| 856 |
4 |
0 |
|u https://ebookcentral.proquest.com/lib/matrademy/detail.action?docID=6533759
|z Click to View
|